| 000 | 00418cam a22001337a 4500 | ||
|---|---|---|---|
| 008 | 180718b1977 xxu||||| |||| 00| 0 eng d | ||
| 082 | _aI5 B469 | ||
| 100 | _aBhattacharyya, K.N. | ||
| 245 |
_aManagement: concept and content: an overview _cby K. N. Bhattacharyya |
||
| 260 |
_aCalcutta _bWorld Press _c1977 |
||
| 300 | _a150p. | ||
| 650 | _aMainstreaming in education | ||
| 650 | _aChildren with disabilities --Education | ||
| 999 |
_c341781 _d341781 |
||